| Tag |
First Indicator |
Second Indicator |
Subfields |
| LEADER |
00000cam a22000008a 4500 |
| 001 |
in00001027821 |
| 005 |
20150928120505.0 |
| 008 |
901003s1991 enk b 0010 eng |
| 010 |
|
|
|a 90020440
|
| 035 |
|
|
|a (OCoLC)22597590
|
| 035 |
|
|
|9 AFF6381AM
|
| 040 |
|
|
|a DLC
|c DLC
|d TXA
|d UtOrBLW
|
| 049 |
|
|
|a TXAM
|
| 050 |
0 |
0 |
|a QL638.C94
|b C96 1991
|
| 082 |
0 |
0 |
|a 597/.52
|2 20
|
| 245 |
0 |
0 |
|a Cyprinid fishes :
|b systematics, biology, and exploitation /
|c edited by Ian J. Winfield and Joseph S. Nelson.
|
| 250 |
|
|
|a 1st ed.
|
| 263 |
|
|
|a 9103
|
| 264 |
|
1 |
|a London ;
|a New York :
|b Chapman and Hall,
|c 1991.
|
| 300 |
|
|
|a 667 pages :
|b illustrations
|
| 336 |
|
|
|a text
|b txt
|2 rdacontent
|
| 337 |
|
|
|a unmediated
|b n
|2 rdamedia
|
| 338 |
|
|
|a volume
|b nc
|2 rdacarrier
|
| 490 |
1 |
|
|a Fish and fisheries series ;
|v 3
|
| 504 |
|
|
|a Includes bibliographical references and index.
|
| 650 |
|
0 |
|a Cyprinidae.
|
| 650 |
|
0 |
|a Fisheries.
|
| 700 |
1 |
|
|a Winfield, Ian J.,
|d 1959-
|
| 700 |
1 |
|
|a Nelson, Joseph S.,
|d 1937-
|
| 830 |
|
0 |
|a Fish and fisheries series ;
|v 3.
|
| 999 |
|
|
|a MARS
|
| 999 |
f |
f |
|s 5906401f-5801-3a5f-8910-068277dcf631
|i 91b036a9-55cc-3296-a930-f68123750bb3
|t 0
|
| 952 |
f |
f |
|p normal
|a Texas A&M University
|b College Station
|c Sterling C. Evans Library
|d Evans: Library Stacks
|t 0
|e QL638.C94 C96 1991
|h Library of Congress classification
|i unmediated -- volume
|m A14815115037
|
| 998 |
f |
f |
|a QL638.C94 C96 1991
|t 0
|l Evans: Library Stacks
|